000 00880cam a22003013a 4500
001 23506
003 PGUSA
005 20140828083512.0
008 071116s2007||||xxu|||||s|||||000 1 eng d
040 _aPGUSA
_beng
042 _adc
050 4 _aPR
100 1 _aConrad, Joseph,
_d1857-1924
245 1 0 _aChance :
_bA Tale in Two Parts
_h[electronic resource] /
_cJoseph Conrad
260 _bProject Gutenberg,
_c2007
506 _aPublic domain in the USA.
516 _aElectronic text
653 _aSea stories
653 _aChildren of prisoners -- Fiction
653 _aPsychological fiction
653 _aYoung women -- Fiction
653 _aLove stories
653 _aFathers and daughters -- Fiction
653 _aShip captains' spouses -- Fiction
830 0 _aProject Gutenberg
_v23506
856 4 0 _uhttp://www.gutenberg.org/ebooks/23506
942 _cEB
999 _c252761
_d252761